000 ncm a22 a 4500
999 _c352062
_d352062
003 BLK
005 20201007040709.0
008 200407b bu ||||| |||| 00| 0 bu d
040 _aBLK
041 _aBUL
_cBUL
080 _aКамерна вок. муз. Песни, балади, арии, романси
_b784.3
_z784.3
100 _aРахманинов, Сергей Василиевич
_eпърви автор
_91299
139 _aРахманинов, Сергей Василиевич
_bР 40
245 _aЯ опять одинок
_bДля баритона в сопровожд. ф.-п. : Соч. 26, № 9
_cСергей Рахманинов ; текст Ив. Бунин ; Нем. текст Л. Есбер.
257 _aRUS
260 _9402764
_aМосква
_bМузыка
_c1968
300 _a4 с.
_c29 см
380 _a7
650 7 _9166106
_aПесен
650 0 _9353345
_aСоло пеене - баритон
650 7 _9166247
_aПиано
700 _91581
_aБунин, Иван
_eтекст
700 _9704
_aЕсбер, Л.
_eнем. текст
852 _aЦб М ІІ 5130
_bИП
942 _cNOT
_n0
_s1
944 _c2020-04-07
_kВалентина Караджова
999 _d352062
999 _d352062